000 00304dam a22001097a 4500
999 _c2986
_d2986
008 190528e1991 sp ||||| |||| 00| 0 spa d
100 _aPumarola, A.
_91303
245 _aMicrobiologia y parasitologia medica
250 _a2a ed.
260 _aBarcelona
_bEdiciones cientificas y tecnicas
_c1991
500 _aBaja